Statistics for Type all the common animals you know!

Click here to take the quiz!

General Stats

  • This quiz has been taken 973 times
  • The average score is 31 of 93

Answer Stats

Answer% Correct
Cat
95%
Dog
95%
Lion
86%
Tiger
80%
Pig
76%
Horse
74%
Fish
70%
Bear
69%
Elephant
69%
Ant
64%
Shee
60%
Rat
59%
Shark
59%
Giraffe
58%
Chicken
57%
Monkey
55%
Bee
54%
Deer
53%
Eagle
53%
Zebra
51%
Rabbit
49%
Goat
48%
Wolf
46%
Dolphin
45%
Leopard
45%
Cheetah
43%
Donkey
43%
Duck
42%
Fox
42%
Spider
42%
Fly
40%
Frog
39%
Gorilla
38%
Kangaroo
37%
Jaguar
36%
Turtle
36%
Hamster
35%
Parrot
35%
Bat
32%
Goose
32%
Penguin
30%
Alligator
29%
Butterfly
29%
Moose
29%
Koala
28%
Owl
28%
Squirrel
28%
Hawk
26%
Seal
26%
Was
26%
Buffalo
25%
Anteater
23%
Camel
23%
Crow
23%
Guinea Pig
23%
Hyena
22%
Ostrich
22%
Antelope
21%
Chimpanzee
21%
Swan
20%
Toad
20%
Beaver
19%
Crab
19%
Octopus
19%
Bison
18%
Emu
18%
Mosquito
18%
Snail
18%
Turkey
18%
Worm
18%
Falcon
17%
Hippopotamus
16%
Ox
16%
Jellyfish
15%
Hare
14%
Boar
13%
Dove
13%
Eel
12%
Lemur
12%
Lobster
12%
Walrus
12%
Baboon
11%
Cattle
11%
Vulture
11%
Cockroach
9%
Mole
8%
Caterpillar
7%
Dragonfly
7%
Jackal
5%
Salamander
4%
Dinosaur
3%
Cassowary
2%
Kingfisher
0%

Score Distribution

Percentile by Number Answered

Percent of People with Each Score

Your Score History

You have not taken this quiz